000 01092nam a2200313Ia 4500
001 dia_6372
003 CHAP
005 20240208131238.0
008 220117s1981 xx 000 0 und d
010 _a177757
040 _cCHAP
082 _aC 346.048026972 M49 1981
110 _aMéxico. Leyes, Decretos, etc.
_977071
245 _aLegislación sobre propiedad industrial, transferencia de tecnología e inversiones extranjeras
250 _a6a ed.
260 _aMéxico :
_b Porrúa,
_c1981
300 _a556 p.
440 _aLeyes y códigos de México
_966564
503 _aD.
590 _aC T228.T2 M49 1981
650 _aIndustrial property
_xLaw and legislation
_xMexico
_9153120
650 _aInversiones extranjeras
_xLeyes y legislación
_xMéxico
_9153121
650 _aInvestments, Foreign
_xLaw and legislation
_xMexico
_9153122
650 _aPropiedad industrial
_xLeyes y legislación
_xMéxico
_9153123
901 _aC 346.048026972 M49 1981
902 _aA
905 _a5232271981 mx a 8212223322spa16
942 _cLIBRO
_2ddc
999 _c177757
_d177757